[Event "World op 48th"]
[Site "ICC INT"]
[Date "2020.08.08"]
[Round "6"]
[White "Huang, Qiuyu"]
[Black "Narayanan, Akash L"]
[Result "1-0"]
[WhiteElo "1990"]
[BlackElo "1768"]
[PlyCount "107"]
[EventDate "2020.08.07"]
[EventType "swiss"]
[EventRounds "9"]
[EventCountry "USA"]
[SourceTitle "CBM 197 Extra"]
[Source "ChessBase"]
[SourceDate "2020.09.30"]
[SourceVersion "1"]
[SourceVersionDate "2020.09.30"]
[SourceQuality "1"]

1. e4 e5 2. Nf3 Nc6 3. Bc4 Bc5 4. c3 Nf6 5. d3 d6 6. Bb3 0-0 7. 0-0 Bb6 8. h3 Ne7 9. Re1 Ng6 10. Nbd2 Nh5 11. d4 Nhf4 12. Nc4 Qf6 13. a4 c6 14. dxe5 Nxe5 15. Nxb6 Nxh3+ 16. Kf1 axb6 17. Qd4 c5 18. Qe3 Ng4 19. Qe2 Nhxf2 20. Bg5 Qg6 21. Bh4 Nh1 22. Kg1 Qh5 23. Qd2 h6 24. Rf1 g5 25. Be1 Be6 26. Bxe6 fxe6 27. Qxd6 Ne3 28. Qxe6+ Qf7 29. Qxh6 Nxf1 30. Nxg5 Qg7 31. Qxg7+ Kxg7 32. Ne6+ Kf7 33. Nxf8 Nhg3 34. Nd7 Rh8 35. Nxb6 Rh1+ 36. Kf2 Nxe4+ 37. Ke2 Nfg3+ 38. Kd3 Rh2 39. Bxg3 Nxg3 40. Rg1 Rh6 41. a5 Rd6+ 42. Kc4 Rd2 43. Na4 Rf2 44. Kxc5 Ne2 45. Rd1 Rxg2 46. Rd7+ Ke6 47. Rxb7 Rg4 48. Rb4 Nf4 49. Rd4 Ke5 50. Kb5 Rg6 51. Nb6 Ne6 52. Nd7+ Kf5 53. Rd6 Nc7+ 54. Kc6 1-0

[Event "Contrecoeur op 7th"]
[Site "Contrecoeur"]
[Date "2019.11.02"]
[Round "3"]
[White "Huang, Qiuyu"]
[Black "Yan, Alex Jikai"]
[Result "1/2-1/2"]
[WhiteElo "1992"]
[BlackElo "1638"]
[PlyCount "47"]
[EventDate "2019.11.01"]
[EventType "swiss"]
[EventRounds "5"]
[EventCountry "CAN"]
[SourceTitle "CBM 193 Extra"]
[Source "ChessBase"]
[SourceDate "2020.01.31"]
[SourceVersion "1"]
[SourceVersionDate "2020.01.31"]
[SourceQuality "1"]

1. e4 c5 2. Nf3 Nc6 3. d4 cxd4 4. Nxd4 Nf6 5. Nc3 e5 6. Ndb5 d6 7. Bg5 a6 8. Na3 b5 9. Nd5 Be7 10. Bxf6 Bxf6 11. c4 b4 12. Nc2 a5 13. g3 g6 14. Bg2 Bg7 15. Qd3 0-0 16. Rd1 Ra6 17. Nde3 Nb8 18. 0-0 Nd7 19. b3 Nc5 20. Qe2 Bb7 21. Nd5 Bxd5 22. Rxd5 Qb6 23. Qd2 Rb8 24. Rd1 1/2-1/2

[Event "Canada zt"]
[Site "Kingston"]
[Date "2019.04.22"]
[Round "9"]
[White "Huang, Qiuyu"]
[Black "Desforges, Jean"]
[Result "1/2-1/2"]
[WhiteElo "2145"]
[BlackElo "2235"]
[PlyCount "35"]
[EventDate "2019.04.18"]
[EventType "swiss"]
[EventRounds "9"]
[EventCountry "CAN"]
[SourceTitle "CBM 190 Extra"]
[Source "ChessBase"]
[SourceDate "2019.07.15"]
[SourceVersion "1"]
[SourceVersionDate "2019.07.15"]
[SourceQuality "1"]

1. e4 e5 2. Nf3 Nc6 3. Bc4 Nf6 4. d3 Bc5 5. c3 Bb6 6. 0-0 0-0 7. Bg5 h6 8. Bh4 d6 9. Bb3 Bg4 10. Nbd2 g5 11. Bg3 Nh5 12. Kh1 Kg7 13. h3 Be6 14. Ng1 Nf4 15. Bxf4 gxf4 16. Bxe6 fxe6 17. Qg4+ Qg5 18. Qxe6 1/2-1/2

[Event "Quebec-ch"]
[Site "Montreal"]
[Date "2019.03.23"]
[Round "2.2"]
[White "Huang, Qiuyu"]
[Black "Rodrigue Lemieux, Shawn"]
[Result "1/2-1/2"]
[WhiteElo "2088"]
[BlackElo "2296"]
[PlyCount "76"]
[EventDate "2019.01.21"]
[EventType "k.o."]
[EventRounds "4"]
[EventCountry "CAN"]
[SourceTitle "CBM 189 Extra"]
[Source "ChessBase"]
[SourceDate "2019.06.03"]
[SourceVersion "1"]
[SourceVersionDate "2019.06.03"]
[SourceQuality "1"]

1. e4 c6 2. d4 d5 3. exd5 cxd5 4. Bd3 Nc6 5. c3 Qc7 6. h3 g6 7. Nf3 Bg7 8. Qc2 Nf6 9. 0-0 0-0 10. Re1 Nh5 11. Be3 Nf4 12. Bxf4 Qxf4 13. Nbd2 Qc7 14. h4 Bg4 15. Nh2 Bd7 16. Ndf3 e5 17. dxe5 Nxe5 18. Nxe5 Bxe5 19. Nf3 Bf6 20. Rad1 Rfd8 21. g3 Rac8 22. Be2 Qa5 23. Qb3 Bc6 24. Nd4 Re8 25. Bg4 Rcd8 26. Rxe8+ Rxe8 27. Nxc6 bxc6 28. Bd7 Re2 29. Kf1 Qa6 30. Bc8 Rxf2+ 31. Kxf2 Qxc8 32. Kg2 Qg4 33. Qb8+ Kg7 34. Rf1 Qe2+ 35. Rf2 Qe4+ 36. Rf3 Qe2+ 37. Rf2 Qe4+ 38. Rf3 Qe2+ 1/2-1/2

[Event "Quebec-ch"]
[Site "Montreal"]
[Date "2019.03.21"]
[Round "1.1"]
[White "Huang, Qiuyu"]
[Black "Chiku Ratte, Olivier Kenta"]
[Result "1-0"]
[WhiteElo "2088"]
[BlackElo "2391"]
[PlyCount "155"]
[EventDate "2019.01.21"]
[EventType "k.o."]
[EventRounds "4"]
[EventCountry "CAN"]
[SourceTitle "CBM 189 Extra"]
[Source "ChessBase"]
[SourceDate "2019.06.03"]
[SourceVersion "1"]
[SourceVersionDate "2019.06.03"]
[SourceQuality "1"]

1. e4 c5 2. Nf3 d6 3. d4 cxd4 4. Nxd4 Nf6 5. Nc3 g6 6. Bc4 Bg7 7. h3 0-0 8. Bb3 Nbd7 9. 0-0 Nc5 10. Re1 a6 11. Bg5 h6 12. Bh4 e6 13. Bg3 e5 14. Nf3 b5 15. Nd2 Bb7 16. a3 Ne6 17. Nf3 Nc5 18. Nd2 Nxb3 19. Nxb3 Qb6 20. Qd3 Rad8 21. Qe3 Qc7 22. Rad1 Nd7 23. Qd2 Nb6 24. Na5 Ba8 25. Nd5 Nxd5 26. exd5 Rc8 27. Rc1 Qb8 28. Nb3 Qb7 29. Red1 f5 30. f3 f4 31. Bf2 e4 32. fxe4 Bxb2 33. Rb1 Bc3 34. Qd3 Qc7 35. Bd4 Bb7 36. Qf3 h5 37. Qd3 Kh7 38. Kh1 Rf7 39. Rf1 Ba5 40. Nxa5 Qxa5 41. Rf2 Qc7 42. Rbf1 Rcf8 43. g3 g5 44. gxf4 Rxf4 45. Rxf4 gxf4 46. Rg1 Rg8 47. Qf3 Qf7 48. Rxg8 Kxg8 49. Qg2+ Kh7 50. Qg5 f3 51. Kg1 Bc8 52. h4 Qg6 53. Bf6 Qf7 54. Kf2 Bg4 55. Bd4 Qc7 56. c3 Qf7 57. Qf6 Qxf6 58. Bxf6 Kg6 59. Be7 a5 60. Bxd6 Kf6 61. Bg3 Ke7 62. Ke3 Kd7 63. Kd4 Bh3 64. Kc5 Bf1 65. e5 Bc4 66. e6+ Ke7 67. Kc6 Kf6 68. d6 Bxe6 69. d7 Bxd7+ 70. Kxd7 Kf5 71. Kc6 Ke4 72. Kxb5 Kd3 73. c4 Ke2 74. c5 Kf1 75. c6 Kg2 76. Be1 Kf1 77. Bxa5 f2 78. Bb6 1-0

[Event "Montreal Ligue elite du dimanche S10"]
[Site "Montreal"]
[Date "2019.02.10"]
[Round "1"]
[White "Huang, Qiuyu"]
[Black "Rodrigue Lemieux, Shawn"]
[Result "1/2-1/2"]
[WhiteElo "2265"]
[BlackElo "2367"]
[PlyCount "47"]
[EventDate "2019.02.10"]
[EventType "swiss"]
[EventRounds "5"]
[EventCountry "CAN"]
[SourceTitle "EXT 2022"]
[Source "ChessBase"]
[SourceDate "2021.10.06"]
[SourceVersion "1"]
[SourceVersionDate "2021.10.06"]
[SourceQuality "1"]
[WhiteTeam "Rybkaz"]
[BlackTeam "Mannered Monkeys"]
[WhiteTeamCountry "CAN"]
[BlackTeamCountry "CAN"]

1. e4 d5 2. exd5 Qxd5 3. Nc3 Qa5 4. d4 c6 5. Bc4 Bf5 6. Nf3 e6 7. Bd2 Qc7 8. Qe2 Nf6 9. 0-0-0 Nbd7 10. Nh4 Bg6 11. Nxg6 hxg6 12. d5 cxd5 13. Nxd5 Nxd5 14. Bxd5 Be7 15. Bf3 0-0 16. h4 Rac8 17. c3 Qe5 18. Qxe5 Nxe5 19. Be2 Bc5 20. Rdf1 Rfd8 21. h5 gxh5 22. Rxh5 f6 23. g4 Kf7 24. Kc2 1/2-1/2

[Event "Montreal Noel op"]
[Site "Montreal"]
[Date "2018.12.29"]
[Round "4"]
[White "Huang, Qiuyu"]
[Black "Li, Yilin"]
[Result "1-0"]
[WhiteElo "2088"]
[BlackElo "1899"]
[PlyCount "121"]
[EventDate "2018.12.26"]
[EventType "swiss"]
[EventRounds "5"]
[EventCountry "CAN"]
[SourceTitle "CBM 188 Extra"]
[Source "ChessBase"]
[SourceDate "2019.02.26"]
[SourceVersion "1"]
[SourceVersionDate "2019.02.26"]
[SourceQuality "1"]

1. e4 c5 2. Nf3 Nc6 3. d4 cxd4 4. Nxd4 e5 5. Nb5 d6 6. c4 a6 7. N5c3 f5 8. g3 Nf6 9. Bg2 Be6 10. Na3 Be7 11. 0-0 0-0 12. exf5 Bxf5 13. Nc2 Qd7 14. Ne3 Bh3 15. Ned5 Bd8 16. Be3 Bxg2 17. Nxf6+ Rxf6 18. Kxg2 Na5 19. Qd5+ Qf7 20. b3 Rb8 21. Rfd1 Qxd5+ 22. Rxd5 Bc7 23. Rad1 Re6 24. Ne4 Nc6 25. Nxd6 Nb4 26. R5d2 Nxa2 27. Nf5 Nc3 28. Rc1 Ba5 29. Rd7 g6 30. Nh6+ Kh8 31. Nf7+ Kg8 32. Ng5 Rc6 33. Ba7 Rf8 34. Rxb7 h6 35. Nf3 Re6 36. Bc5 Rf7 37. Rb8+ Kh7 38. b4 Ne4 39. Be3 Bc7 40. Ra8 Ref6 41. Ng1 Nxf2 42. Rf1 Ng4 43. Rxf6 Nxe3+ 44. Kf3 Rxf6+ 45. Kxe3 Kg7 46. Ra7 Rc6 47. b5 axb5 48. cxb5 Rb6 49. Rxc7+ Kf8 50. Rc5 Ke7 51. Rxe5+ Kd6 52. Nf3 Rb8 53. Ke4 Rf8 54. Rd5+ Kc7 55. Ne5 Re8 56. Kd4 Re6 57. Kc5 Kc8 58. b6 Kb7 59. Rd7+ Kb8 60. Nc6+ Kc8 61. Rc7# 1-0

[Event "Contrecoeur-A"]
[Site "Contrecoeur"]
[Date "2018.11.03"]
[Round "3.3"]
[White "Hebert, Jean"]
[Black "Huang, Qiuyu"]
[Result "1-0"]
[WhiteElo "2443"]
[BlackElo "2247"]
[PlyCount "91"]
[EventDate "2018.11.02"]
[EventType "swiss"]
[EventRounds "5"]
[EventCountry "CAN"]
[SourceTitle "EXT 2022"]
[Source "ChessBase"]
[SourceDate "2021.10.06"]
[SourceVersion "1"]
[SourceVersionDate "2021.10.06"]
[SourceQuality "1"]

1. Nf3 d5 2. g3 Nf6 3. Bg2 e6 4. 0-0 Be7 5. d3 0-0 6. Nbd2 c5 7. e4 Nc6 8. Re1 b5 9. e5 Nd7 10. Nf1 Qc7 11. Bf4 Rd8 12. h4 Nf8 13. h5 Bb7 14. N1h2 d4 15. Ng4 c4 16. h6 g6 17. Bg5 Nb4 18. Bxe7 Qxe7 19. a3 Nc6 20. Qd2 Rab8 21. Qf4 Nd7 22. Ng5 Qf8 23. dxc4 bxc4 24. Bxc6 Bxc6 25. Qxd4 Bd5 26. Rad1 Rb6 27. Ne4 Kh8 28. Qc3 Nc5 29. Nxc5 Qxc5 30. b4 Qe7 31. Nf6 Rb5 32. Rd4 a5 33. Nxd5 exd5 34. Qf3 axb4 35. axb4 Kg8 36. c3 Qg5 37. Qf6 Qxf6 38. exf6 Kf8 39. Re5 Rd6 40. Rxc4 dxc4 41. Rxb5 Rxf6 42. Rc5 g5 43. Rxc4 Rxh6 44. Rc5 g4 45. b5 Ke7 46. Rc7+ 1-0

[Event "Montreal Varennes op"]
[Site "Montreal"]
[Date "2018.10.07"]
[Round "5"]
[White "Vera Gonzalez Quevedo, Reynaldo"]
[Black "Huang, Qiuyu"]
[Result "1-0"]
[WhiteElo "2434"]
[BlackElo "2169"]
[PlyCount "61"]
[EventDate "2018.10.05"]
[EventType "swiss"]
[EventRounds "5"]
[EventCountry "CAN"]
[SourceTitle "CBM 187 Extra"]
[Source "ChessBase"]
[SourceDate "2018.11.04"]
[SourceVersion "1"]
[SourceVersionDate "2018.11.04"]
[SourceQuality "1"]

1. d4 d5 2. c4 e6 3. Nf3 Nf6 4. Nc3 Nbd7 5. Bg5 Bb4 6. e3 c5 7. cxd5 exd5 8. Be2 Qa5 9. 0-0 Bxc3 10. bxc3 c4 11. Nd2 0-0 12. Qc2 Re8 13. Rfc1 h6 14. Bh4 Ne4 15. Nf1 Qa3 16. f3 Nd6 17. Bg3 Nb6 18. e4 Bd7 19. Bxd6 Qxd6 20. a4 Bc6 21. a5 Nd7 22. e5 Qc7 23. f4 b6 24. Ne3 Nf8 25. Bf3 Red8 26. f5 bxa5 27. Qd2 Rab8 28. f6 g6 29. Ng4 h5 30. Qh6 Ne6 31. Nf2 1-0

[Event "Montreal op"]
[Site "Montreal"]
[Date "2018.09.09"]
[Round "5"]
[White "Huang, Qiuyu"]
[Black "Sambuev, Bator"]
[Result "0-1"]
[WhiteElo "2156"]
[BlackElo "2497"]
[PlyCount "82"]
[EventDate "2018.09.07"]
[EventType "swiss"]
[EventRounds "5"]
[EventCountry "CAN"]
[SourceTitle "CBM 186 Extra"]
[Source "ChessBase"]
[SourceDate "2018.08.24"]
[SourceVersion "1"]
[SourceVersionDate "2018.08.24"]
[SourceQuality "1"]

1. e4 Nf6 2. e5 Nd5 3. d4 d6 4. Nf3 Bg4 5. Be2 c6 6. 0-0 Bxf3 7. Bxf3 dxe5 8. dxe5 e6 9. b3 Nd7 10. Bb2 Qc7 11. Re1 0-0-0 12. g3 Bb4 13. c3 Be7 14. Qe2 Nc5 15. Na3 Nb6 16. Rad1 Rxd1 17. Rxd1 Rd8 18. c4 Rxd1+ 19. Qxd1 Ncd7 20. Qd4 Bxa3 21. Bxa3 Qxe5 22. Qd2 Qf5 23. Be2 e5 24. b4 Qb1+ 25. Bc1 Qe4 26. Bd3 Qg4 27. Qc2 g6 28. Kg2 Qe6 29. a4 Na8 30. Be3 Kb8 31. f3 Nc7 32. Qf2 a6 33. Qb2 Qd6 34. Qb3 c5 35. b5 f5 36. a5 Kc8 37. Kf2 Ne6 38. bxa6 bxa6 39. Kg2 Nd4 40. Bxd4 Qxd4 41. Qb1 Qc3 0-1

[Event "Quebec op"]
[Site "Quebec"]
[Date "2018.07.28"]
[Round "9"]
[White "Upper, John"]
[Black "Huang, Qiuyu"]
[Result "1-0"]
[WhiteElo "1969"]
[BlackElo "2108"]
[PlyCount "117"]
[EventDate "2018.07.21"]
[EventType "swiss"]
[EventRounds "9"]
[EventCountry "CAN"]
[SourceTitle "CBM 186 Extra"]
[Source "ChessBase"]
[SourceDate "2018.08.24"]
[SourceVersion "1"]
[SourceVersionDate "2018.08.24"]
[SourceQuality "1"]

1. c4 e6 2. Nc3 d5 3. e3 Nf6 4. Nf3 c5 5. cxd5 Nxd5 6. Bc4 Nb6 7. Be2 Nc6 8. d4 Bd7 9. 0-0 a6 10. dxc5 Bxc5 11. Ne4 Qe7 12. a3 f5 13. Nxc5 Qxc5 14. e4 Nc8 15. Be3 Qe7 16. exf5 exf5 17. Rc1 Qf6 18. Qd2 N8e7 19. Rfd1 Be6 20. Bc4 Rd8 21. Qe2 Rxd1+ 22. Rxd1 Bxc4 23. Qxc4 Qf7 24. Qxf7+ Kxf7 25. Bb6 Ke6 26. Ng5+ Kf6 27. f4 Nc8 28. Re1 Kg6 29. Bc5 Rd8 30. Re6+ Kh5 31. Nxh7 Rd5 32. b4 a5 33. h3 axb4 34. axb4 Nd4 35. Re8 Nd6 36. Rd8 N4b5 37. Ng5 Rd2 38. Nf3 Rd1+ 39. Kh2 Kg6 40. Ne5+ Kf6 41. Rd7 Rd2 42. Be3 Rc2 43. Bb6 g6 44. Bd8+ Ke6 45. Rg7 Kd5 46. Rxg6 Ke4 47. Kg3 Rc3+ 48. Nf3 Kd5 49. Be7 Ne4+ 50. Kh4 Rc7 51. Bf8 Rf7 52. Bg7 Nbd6 53. Ng5 Re7 54. Be5 b5 55. g4 Nc4 56. gxf5 Nxe5 57. fxe5 Kxe5 58. Nxe4 Kxf5 59. Rg4 1-0

[Event "Quebec op"]
[Site "Quebec"]
[Date "2018.07.27"]
[Round "8"]
[White "Huang, Qiuyu"]
[Black "Voskanyan, Vahagn"]
[Result "0-1"]
[WhiteElo "2108"]
[BlackElo "2201"]
[PlyCount "136"]
[EventDate "2018.07.21"]
[EventType "swiss"]
[EventRounds "9"]
[EventCountry "CAN"]
[SourceTitle "CBM 186 Extra"]
[Source "ChessBase"]
[SourceDate "2018.08.24"]
[SourceVersion "1"]
[SourceVersionDate "2018.08.24"]
[SourceQuality "1"]

1. e4 c6 2. d4 d5 3. exd5 cxd5 4. Bd3 Nc6 5. c3 g6 6. h3 Nh6 7. Nf3 Nf5 8. Bf4 Bg7 9. Qb3 0-0 10. g4 Na5 11. Qc2 Nd6 12. Nbd2 a6 13. a4 Nac4 14. 0-0 Be6 15. Nb3 b6 16. Rfe1 Qd7 17. Ne5 Nxe5 18. dxe5 Nb7 19. Nd4 Nc5 20. Bf1 Rfc8 21. f3 Qc7 22. Qd2 Qd7 23. b3 Qe8 24. Bg3 Bd7 25. Bg2 e6 26. f4 Bc6 27. f5 Bb7 28. f6 Bf8 29. Bf4 b5 30. a5 Rc7 31. h4 Ne4 32. Bxe4 dxe4 33. h5 Qd8 34. hxg6 hxg6 35. Re3 b4 36. Rh3 Rxc3 37. Be3 Rxe3 38. Qxe3 Rc8 39. Qd2 Rc3 40. Rxc3 bxc3 41. Qxc3 e3 42. Qc4 Bh6 43. Qc5 Bf8 44. Qc4 Qb8 45. Nc6 Bxc6 46. Qxc6 Qxe5 47. Rc1 Qxf6 48. Qc2 Qd4 49. Qe2 Qe5 50. Rc4 Bc5 51. b4 Bd4 52. Rc6 Bc3 53. Rb6 Qd5 54. b5 axb5 55. a6 Bd4 56. Rb8+ Kg7 57. Rb7 Qc6 58. Kh2 Qxa6 59. Rxb5 Qd6+ 60. Kg2 Qc6+ 61. Kh2 e5 62. Rb1 Qd6 63. Rb5 e4+ 64. Kg2 Qf4 65. Rb4 Be5 66. Kg1 Qg3+ 67. Kf1 Qf3+ 68. Qxf3 exf3 0-1

[Event "Quebec op"]
[Site "Quebec"]
[Date "2018.07.26"]
[Round "7"]
[White "Mikhalevski, Victor"]
[Black "Huang, Qiuyu"]
[Result "1-0"]
[WhiteElo "2583"]
[BlackElo "2108"]
[PlyCount "55"]
[EventDate "2018.07.21"]
[EventType "swiss"]
[EventRounds "9"]
[EventCountry "CAN"]
[SourceTitle "CBM 186 Extra"]
[Source "ChessBase"]
[SourceDate "2018.08.24"]
[SourceVersion "1"]
[SourceVersionDate "2018.08.24"]
[SourceQuality "1"]

1. c4 e6 2. g3 d5 3. Bg2 Nf6 4. Nf3 Be7 5. 0-0 0-0 6. b3 c5 7. cxd5 Nxd5 8. Bb2 Nc6 9. d4 cxd4 10. Nxd4 Nxd4 11. Qxd4 Bf6 12. Qd2 Bxb2 13. Qxb2 Qa5 14. Rd1 Nf6 15. Na3 Rb8 16. Nc4 Qh5 17. Bf3 Qh3 18. Qa3 b5 19. Nd6 e5 20. Qxa7 Bg4 21. Qe3 Qh5 22. Rac1 Ne8 23. Nc8 Bxf3 24. exf3 b4 25. Qa7 Rb5 26. Rd8 f5 27. Qa6 Rb8 28. Ne7+ 1-0